On This Day: October 1st Quiz Stats

 Plays Quiz Updated Oct 1, 2017

Challenge
Share
Tweet
Embed
Score 0/7 Timer 03:00
0 Plays Today
Question Answer Wrong Answers
Sony launches the first consumer ______ disc player.
1982
Compact
94.2%
Mini
2.1%
Condensed
0.5%
Compressed
1.2%
This former peanut farmer from Georgia, the 39th President of the United States and a Nobel Prize laureate, is born.
1924
Jimmy Carter
91.2%
Ronald Reagan
3.1%
Bill Clinton
1.5%
Lyndon B. Johnson
3.7%
Francisco Franco is named head of the Nationalist government of ______.
1936
Spain
83.6%
Portugal
4.2%
Mexico
4.8%
Panama
6.4%
The People's Republic of China is established and declared by this man.
1949
Mao Zedong
82.5%
Chiang Kai-shek
11.3%
Xi Jinping
3.4%
Lin Biao
1.4%
This national park in northern California, known for its granite cliffs, waterfalls, and giant sequoia groves, is established by the US Congress.
1890
Yosemite
79.7%
Yellowstone
15.8%
Olympic
1.9%
Crater Lake
2.5%
With a heavyweight championship on the line, Muhammad Ali defeats Joe Frazier in a boxing match in the Philippines. The fight is dubbed the ______.
1975
Thrilla in Manila
76.8%
Rumble in the Jungle
19.6%
Thunder in the Night
1.1%
Unfinished Business
0.9%
This popular TV channel, know for its animated shows like ‘Dexter's Laboratory’ and ‘The Powerpuff Girls’, is launched.
1992
Cartoon Network
57.1%
Nickelodeon
35.1%
Disney Channel
3%
Comedy Central
2.4%

Today's Daily Dose

You're not logged in!

Compare scores with friends on all Sporcle quizzes.
Join for Free
OR
Log In

You Might Also Like...

Show Comments

Extras

Top Quizzes Today


Score Distribution

Your Account Isn't Verified!

In order to create a playlist on Sporcle, you need to verify the email address you used during registration. Go to your Sporcle Settings to finish the process.

Report this User

Report this user for behavior that violates our Community Guidelines.

Details: